00594nam a2200109Ia 4500008004100000050002400041100003100065245025000096260008600346300002900432521002300461140724s9999 xx 000 0 und d aPN 4700b.M311 2012 aMarasigan, Miriam Grace V. 2aA comparative study on the influence of different Christian media on the religiousness and spirituality of the young professionals of United Church of Christ in the Philippines Lowland Cavite South Manila Conference /cMiriam Grace V. Marasigan. aLas Piñas, Philippines :bSouthville International School and Colleges,cc2012. a109 p. :bill. ;c28 cm. aMass Communication